Score 0/25 Timer 05:00
5 Plays Today
Hint Answer % Correct
Two and a Half Men
94.1%
Beavis and Butt-Head
89.4%
Roseanne
81%
Xena: Warrior Princess
76.9%
Walker, Texas Ranger
74.8%
Buffy the Vampire Slayer
68.5%
Brooklyn Nine-Nine
64.6%
The Jeffersons
63.9%
Diff'rent Strokes
61.4%
The West Wing
61.1%
Smallville
59.8%
Glee
56.1%
Californication
55%
Hint Answer % Correct
Gilmore Girls
54.5%
Starsky & Hutch
53.4%
Community
50.8%
Malcolm in the Middle
49.1%
Louie
46.9%
The Honeymooners
37.2%
Sherlock
34.9%
Rescue Me
30.1%
Key and Peele
24.6%
Charmed
24%
Elementary
13.6%
Homeland
12.4%
Remove Ads.
Support Sporcle.
Get the best of Sporcle when you Go Orange. This ad-free experience offers more features, more stats, and more fun while also helping to support Sporcle. Thank you for becoming a member.

You're not logged in!

Compare scores with friends on all Sporcle quizzes.
OR
Log In

Show Comments

Extras

Top Quizzes Today


Score Distribution

Your Account Isn't Verified!

In order to create a playlist on Sporcle, you need to verify the email address you used during registration. Go to your Sporcle Settings to finish the process.

Report this User

Report this user for behavior that violates our Community Guidelines.

Details: